LEADER 00969nam a2200217 i 4500 001 000000212711 003 CaOOAMICUS 005 20220304122425.0 008 120424s1749 xxk u000 u eng u 013 $a191559 026 $ands, reis y.he thhe (3) 1749 (R) 040 $aSeMil$bita 100 1 $aMilton, John,$d<1608-1674>.$0(OLS)http://semarc/name/11532 245 10$aVolume the second. 300 $a444, [116] p, [7] p., [7] carte di tav. :$britr., ill. 500 $aSegn.: A-3I4 3K2 astAaa-astKkkk2 773 0 $aMilton, John <1608-1674>$tParadise lost. A poem in twelve books. The author John Milton.$dLondon : Printed for J. and R. Tonson and S. Draper in the Strand, 1749.$bA new edition, with notes of various authors, by Thomas Newton, D.D.$g2$w()26660 850 $aSeMil 852 $aSeMil$W1$xVenegono$y1$m1V VII 3 FA$j163145$B163145$CSeMilBibl$Z2$F174270 $8I 996 $6245$aVolume the second$9(OLS)http://semarc/title/307670 LEADER 01171nam a2200265 i 4500 001 000000197396 003 CaOOAMICUS 005 20110211000000.0 008 110211n it u000 u ita u 013 $a176083 040 $aSeMil$bita 245 13$aLa nostra fede in Gesł Cristo :$blettera collettiva dell'Episcopato Belga /$cTraduzione dal francese di Mario Salvagno. 260 $aFossano (CN) :$bEditrice Esperienze,$c[1968] 300 $a39 p. ;$c19 cm. 490 0 $aMaestri della fede : collana di magistero episcopale ;$v6 500 $aFondo Card. Giovanni Colombo. 650 4$aFede.$0(OLS)http://semarc/subject/589 700 1 $aSalvagno, Mario.$0(OLS)http://semarc/name/70988 830 0$aMaestri della fede. Esperienze ;$v6.$0(OLS)http://semarc/title/420007 850 $aSeMil 852 $aSeMil$W1$xVenegono$y1$m5A XII 10/18$j147955$B147955$CSeMilBibl$Z2$F159404 $81 941 1 $a3 961 $aLascito: Colombo Card. Giovanni 996 $6245$aLa nostra fede in Gesł Cristo :$blettera collettiva dell'Episcopato Belga$9(OLS)http://semarc/title/285015 996 $6260$aFossano (CN) :$bEditrice Esperienze$9(OLS)http://semarc/publisher/31255